Apuntes para la historia de la guerra entre México y los Estados Unidos. (Record no. 197)

MARC details
000 -CABECERA
campo de control de longitud fija 01093nam a2200241 a 4500
001 - NÚMERO DE CONTROL
campo de control BRCA_240
005 - FECHA Y HORA DE LA ÚLTIMA TRANSACCIÓN
campo de control 20190320202931.0
008 - DATOS DE LONGITUD FIJA--INFORMACIÓN GENERAL
campo de control de longitud fija 980331s2012----mx-bc#####---#001-0#spa-d
020 ## - NÚMERO INTERNACIONAL ESTÁNDAR DEL LIBRO
Número Internacional Estándar del Libro 9786074843521
041 ## - CÓDIGO DE LENGUA
Código de lengua del texto/banda sonora o título independiente spa
044 ## - CÓDIGO DEL PAÍS DE LA ENTIDAD EDITORA/PRODUCTORA
Código MARC del país mx
050 #4 - SIGNATURA TOPOGRÁFICA DE LA BIBLIOTECA DEL CONGRESO
Número de clasificación F1226
Número de documento/Ítem .A68 2012
245 10 - MENCIÓN DE TÍTULO
Título Apuntes para la historia de la guerra entre México y los Estados Unidos.
260 ## - PUBLICACIÓN, DISTRIBUCIÓN, ETC.
Lugar de publicación, distribución, etc. México
Nombre del editor, distribuidor, etc. INAH : Biblioteca Mexicana de la Fundación Miguel Alemán
Fecha de publicación, distribución, etc. 2012
300 ## - DESCRIPCIÓN FÍSICA
Extensión 1 v. (en varias paginaciones)
Otras características físicas il., hojas plegables, mapas, retratos
Dimensiones 23 cm.
500 ## - NOTA GENERAL
Nota general Incluye índice onomástico
500 ## - NOTA GENERAL
Nota general Facsímil de: México : Tipografía de Manuel Payno (hijo), 1848 (Edición príncipe)
500 ## - NOTA GENERAL
Nota general Esta edición es la primera reimpresión de la edición facsimilar de la Biblioteca Mexicana de la Fundación Miguel Alemán de 1997
500 ## - NOTA GENERAL
Nota general La biblioteca cuenta con la primera edición facsimilar de 1997. Se encuentra en el Área de Investigación
651 #4 - PUNTO DE ACCESO ADICIONAL DE MATERIA--NOMBRE GEOGRÁFICO
Nombre geográfico México
Subdivisión general Historia
Subdivisión cronológica Guerra con Estados Unidos, 1845-1854
9 (RLIN) 842
653 0# - TÉRMINO DE INDIZACIÓN--NO CONTROLADO
Término no controlado Intervención Norteamericana
942 ## - ELEMENTOS DE PUNTO DE ACCESO ADICIONAL (KOHA)
Fuente del sistema de clasificación o colocación Library of Congress Classification
Tipo de ítem Koha Libros
Holdings
Estado de retiro Estado de pérdida Estado dañado No para préstamo Localización permanente Ubicación/localización actual Fecha de adquisición Total de préstamos Signatura topográfica completa Código de barras Fecha visto por última vez Precio válido a partir de Tipo de ítem Koha Código de colección
El ejemplar forma parte de la colección y puede ser consultado según las políticas vigentes.       Biblioteca del Museo Franz Mayer (Rogerio Casas-Alatriste) Biblioteca del Museo Franz Mayer (Rogerio Casas-Alatriste) 25/06/2008   F1226 .A68 2012 00303 22/03/2019 22/03/2019 Libros  
El ejemplar forma parte de la colección y puede ser consultado según las políticas vigentes.       Biblioteca del Museo Franz Mayer (Rogerio Casas-Alatriste) Biblioteca del Museo Franz Mayer (Rogerio Casas-Alatriste) 02/02/2012   F1226 .A68 2012 02497 22/03/2019 22/03/2019 Libros Acervo General